00321nam a22001097a 4500082002800000245004800028250001600076260004500092300002900137526003700166650000800203 a624.2bAMEcL-38, P-136 aStandard specifications for highway bridges aFifteen ed. aWashingtonbAmerican associationcc1992. aix, 686 p.bill.c40 cm. a0b0c0d624_200000000000000_AME aMCE